Basic immunology (Record no. 17205)
[ view plain ]
| 000 -LEADER | |
|---|---|
| fixed length control field | 00549nam a2200241Ia 4500 |
| 003 - CONTROL NUMBER IDENTIFIER | |
| control field | UOL |
| 005 - DATE AND TIME OF LATEST TRANSACTION | |
| control field | 20170105103505.0 |
| 008 - FIXED-LENGTH DATA ELEMENTS--GENERAL INFORMATION | |
| fixed length control field | 110910s9999 xx 000 0 und d |
| 020 ## - INTERNATIONAL STANDARD BOOK NUMBER | |
| International Standard Book Number | 8181475313 |
| 040 ## - CATALOGING SOURCE | |
| Transcribing agency | ASAB |
| 100 ## - MAIN ENTRY--PERSONAL NAME | |
| Personal name | Abbass,Abdul K. |
| 9 (RLIN) | 947 |
| 245 ## - TITLE STATEMENT | |
| Title | Basic immunology |
| 245 ## - TITLE STATEMENT | |
| Remainder of title | functions and disorders of the immune system |
| 250 ## - EDITION STATEMENT | |
| Edition statement | 2nd |
| 260 ## - PUBLICATION, DISTRIBUTION, ETC. | |
| Place of publication, distribution, etc. | Philadelphia |
| 260 ## - PUBLICATION, DISTRIBUTION, ETC. | |
| Name of publisher, distributor, etc. | Saunders |
| 260 ## - PUBLICATION, DISTRIBUTION, ETC. | |
| Date of publication, distribution, etc. | 2004.00 |
| 300 ## - PHYSICAL DESCRIPTION | |
| Extent | ix; 322p. |
| 546 ## - LANGUAGE NOTE | |
| Language note | Eng. |
| 563 ## - BINDING INFORMATION | |
| Binding note | Pbk |
| 650 ## - SUBJECT ADDED ENTRY--TOPICAL TERM | |
| Topical term or geographic name entry element | Pathology, |
| 9 (RLIN) | 948 |
| 942 ## - ADDED ENTRY ELEMENTS (KOHA) | |
| Koha item type | Book |
| Source of classification or shelving scheme | |
| Withdrawn status | Lost status | Source of classification or shelving scheme | Damaged status | Not for loan | Collection code | Permanent Location | Current Location | Date acquired | Total Checkouts | Full call number | Barcode | Date last seen | Date last checked out | Price effective from | Koha item type | Total Renewals |
|---|---|---|---|---|---|---|---|---|---|---|---|---|---|---|---|---|
| Atta-ur-Rahman School of Applied Biosciences (ASAB) | Atta-ur-Rahman School of Applied Biosciences (ASAB) | 10/13/2015 | 1 | 616.07 ABB | ASAB3114 | 03/22/2017 | 10/13/2015 | 10/13/2015 | Book | |||||||
| Atta-ur-Rahman School of Applied Biosciences (ASAB) | Atta-ur-Rahman School of Applied Biosciences (ASAB) | 10/13/2015 | 2 | 616.07 ABB | ASAB548 | 11/21/2022 | 09/15/2022 | 10/13/2015 | Book | 1 | ||||||
| Atta-ur-Rahman School of Applied Biosciences (ASAB) | Atta-ur-Rahman School of Applied Biosciences (ASAB) | 10/12/2015 | 1 | 616.07 ABB | ASAB617 | 02/16/2016 | 10/12/2015 | 10/12/2015 | Book | |||||||
| Atta-ur-Rahman School of Applied Biosciences (ASAB) | Atta-ur-Rahman School of Applied Biosciences (ASAB) | 10/05/2015 | 3 | 616.07 ABB | ASAB618 | 01/31/2024 | 01/09/2024 | 10/05/2015 | Book | |||||||
| Atta-ur-Rahman School of Applied Biosciences (ASAB) | Atta-ur-Rahman School of Applied Biosciences (ASAB) | 09/16/2015 | 1 | 616.07 ABB | ASAB467 | 07/18/2016 | 09/16/2015 | 09/16/2015 | Book | |||||||
| Atta-ur-Rahman School of Applied Biosciences (ASAB) | Atta-ur-Rahman School of Applied Biosciences (ASAB) | 10/23/2014 | 3 | 616.07 ABB | ASAB621 | 09/28/2016 | 09/28/2016 | 10/23/2014 | Book |
